Report (Record no. 637645)

MARC details
000 -LEADER
fixed length control field 00903nam a2200241Ia 4500
003 - CONTROL NUMBER IDENTIFIER
control field OSt
005 - DATE AND TIME OF LATEST TRANSACTION
control field 20220926021802.0
008 - FIXED-LENGTH DATA ELEMENTS--GENERAL INFORMATION
fixed length control field 220923b |||||||| |||| 00| 0 eng d
037 ## - SOURCE OF ACQUISITION
Terms of availability General Book
040 ## - CATALOGING SOURCE
Original cataloging agency RTL
Transcribing agency RTL
Language of cataloging eng
041 ## - LANGUAGE CODE
Source of code eng
Language code of text/sound track or separate title eng
110 ## - MAIN ENTRY--CORPORATE NAME
Corporate name or jurisdiction name as entry element UNITED NATIONS, STRENGTHENING OF THE ROLE OF THE ORGANIZATION (Special Committee on-). GENERAL ASSEMBLY, OFFICIAL RECORDS: 39th SESSION
9 (RLIN) 326893
245 #0 - TITLE STATEMENT
Title Report
260 ## - PUBLICATION, DISTRIBUTION, ETC.
Place of publication, distribution, etc. New York
Name of publisher, distributor, etc. United Nations
Date of publication, distribution, etc. 1984
300 ## - PHYSICAL DESCRIPTION
Extent iii, 43p
Dimensions cm.
500 ## - GENERAL NOTE
General note Supplement no 33 (A/39/33)
700 ## - ADDED ENTRY--PERSONAL NAME
Personal name UNITED NATIONS, STRENGTHENING OF THE ROLE OF THE ORGANIZATION (Special Committee on-). GENERAL ASSEMBLY, OFFICIAL RECORDS: 39th SESSION
9 (RLIN) 326894
942 ## - ADDED ENTRY ELEMENTS (KOHA)
Classification part VIN45,93:8.N84r, M4 /UN
Koha item type General Books
Source of classification or shelving scheme Colon Classification (CC)
Holdings
Withdrawn status Lost status Damaged status Not for loan Home library Current library Date acquired Total Checkouts Full call number Barcode Date last seen Price effective from Koha item type
        Ratan Tata Library Ratan Tata Library 2022-09-26   VIN45,93:8.N84r M4 /UN RT1405394 2022-09-26 2022-09-26 General Books
Copyright @ Delhi University Library System